[Event "Karlsruhe Grenke op"]
[Site "Karlsruhe"]
[Date "2025.04.21"]
[Round "9"]
[White "Balabayeva, Kseniya"]
[Black "Pham, Khoi"]
[Result "1-0"]
[WhiteElo "2285"]
[BlackElo "2386"]
[PlyCount "117"]
[EventDate "2025.04.17"]
[EventType "swiss"]
[EventRounds "9"]
[EventCountry "GER"]
[SourceTitle "CB17_2025"]
[SourceDate "2025.04.23"]
[SourceVersion "1"]
[SourceVersionDate "2025.04.23"]
[SourceQuality "1"]

1. d4 Nf6 2. c4 e6 3. Nc3 d5 4. cxd5 exd5 5. Bg5 Be7 6. e3 h6 7. Bh4 Bg4 8. Qc2 0-0 9. Bd3 c5 10. dxc5 Nc6 11. Nge2 d4 12. exd4 Nxd4 13. Nxd4 Qxd4 14. 0-0 Rad8 15. Bxf6 Bxf6 16. Bf5 Bxf5 17. Qxf5 Qd3 18. Qxd3 Rxd3 19. Rfd1 Rxd1+ 20. Nxd1 Rd8 21. Rc1 a5 22. a3 a4 23. Kf1 Bg5 24. Ne3 Bxe3 25. fxe3 Rd2 26. Rc4 Rxb2 27. Rxa4 Rb5 28. Ra8+ Kh7 29. Ra7 Rb2 30. a4 Kg6 31. Ra5 Ra2 32. Rb5 Rxa4 33. Rb6+ f6 34. Rxb7 Rc4 35. Rc7 Rc2 36. c6 Kf5 37. Rc8 Ke6 38. c7 Kf7 39. Ke1 Kg6 40. Kd1 Rc6 41. Ke2 Rc5 42. Kf3 Rc4 43. e4 Rc3+ 44. Ke2 Rc4 45. Kd3 Rc1 46. Kd4 Rd1+ 47. Kc5 Rc1+ 48. Kd6 Rd1+ 49. Ke6 Rc1 50. h4 Rc2 51. g4 Rc1 52. Kd6 Rd1+ 53. Ke7 Rc1 54. Kf8 Kh7 55. Kf7 Rc6 56. g5 hxg5 57. hxg5 fxg5 58. e5 g4 59. e6 1-0

[Event "Karlsruhe Grenke op"]
[Site "Karlsruhe"]
[Date "2025.04.21"]
[Round "8"]
[White "Colbow, Collin"]
[Black "Balabayeva, Kseniya"]
[Result "1/2-1/2"]
[WhiteElo "2422"]
[BlackElo "2285"]
[PlyCount "57"]
[EventDate "2025.04.17"]
[EventType "swiss"]
[EventRounds "9"]
[EventCountry "GER"]
[SourceTitle "CB17_2025"]
[SourceDate "2025.04.23"]
[SourceVersion "1"]
[SourceVersionDate "2025.04.23"]
[SourceQuality "1"]

1. e4 c6 2. Nf3 d5 3. Nc3 Bg4 4. h3 Bxf3 5. Qxf3 e6 6. Be2 Nf6 7. d3 Bd6 8. 0-0 Nbd7 9. d4 dxe4 10. Nxe4 Nxe4 11. Qxe4 Nf6 12. Qf3 0-0 13. Re1 e5 14. dxe5 Bxe5 15. Rd1 Qc7 16. c3 Rfe8 17. a4 Re7 18. Bc4 Rae8 19. Be3 Ne4 20. Rd3 Bf6 21. Rad1 Bg5 22. Qg4 Bxe3 23. Rxe3 Nf6 24. Rxe7 Rxe7 25. Qf5 h6 26. g3 Rd7 27. Re1 Re7 28. Rd1 Rd7 29. Re1 1/2-1/2

[Event "Karlsruhe Grenke op"]
[Site "Karlsruhe"]
[Date "2025.04.20"]
[Round "6"]
[White "Stankovic, Milos"]
[Black "Balabayeva, Kseniya"]
[Result "1/2-1/2"]
[WhiteElo "2439"]
[BlackElo "2285"]
[PlyCount "77"]
[EventDate "2025.04.17"]
[EventType "swiss"]
[EventRounds "9"]
[EventCountry "GER"]
[SourceTitle "CB17_2025"]
[SourceDate "2025.04.23"]
[SourceVersion "1"]
[SourceVersionDate "2025.04.23"]
[SourceQuality "1"]

1. e4 c6 2. Nf3 d5 3. d3 dxe4 4. dxe4 Qxd1+ 5. Kxd1 Bg4 6. Be2 Nd7 7. Ne1 Bxe2+ 8. Kxe2 e5 9. Nd3 Ne7 10. Nd2 Nc8 11. Nc4 f6 12. Rd1 Ncb6 13. Na5 0-0-0 14. Be3 Kc7 15. a4 Nc8 16. Nb3 Be7 17. f3 Rhe8 18. a5 Nf8 19. c3 Ne6 20. h4 Rd7 21. g4 Bd6 22. h5 b6 23. axb6+ axb6 24. Nd2 Kb7 25. b4 Bc7 26. Nf2 h6 27. Ra2 Nd6 28. Nc4 Red8 29. Nxd6+ Rxd6 30. Rda1 Bb8 31. Ra6 c5 32. bxc5 Nxc5 33. Bxc5 Rd2+ 34. Ke1 bxc5 35. R6a2 Rxa2 36. Rxa2 Ba7 37. Rd2 Rxd2 38. Kxd2 c4 39. Nh1 1/2-1/2

[Event "Karlsruhe Grenke op"]
[Site "Karlsruhe"]
[Date "2025.04.19"]
[Round "5"]
[White "Balabayeva, Kseniya"]
[Black "Kunin, Vitaly L"]
[Result "1/2-1/2"]
[WhiteElo "2285"]
[BlackElo "2522"]
[PlyCount "130"]
[EventDate "2025.04.17"]
[EventType "swiss"]
[EventRounds "9"]
[EventCountry "GER"]
[SourceTitle "CB17_2025"]
[SourceDate "2025.04.23"]
[SourceVersion "1"]
[SourceVersionDate "2025.04.23"]
[SourceQuality "1"]

1. d4 d5 2. Bf4 c5 3. e3 cxd4 4. exd4 Nc6 5. c3 f6 6. Bb5 Bf5 7. Nd2 e6 8. Ngf3 g5 9. Bg3 Bd6 10. Qe2 Nge7 11. Bd3 Qd7 12. Bxd6 Qxd6 13. Bxf5 Nxf5 14. Nb3 b6 15. 0-0-0 0-0-0 16. a4 Kb7 17. g3 Rc8 18. Kb1 Nd8 19. a5 Qc6 20. axb6 axb6 21. Kc2 Ra8 22. Ra1 Nf7 23. g4 Ng7 24. h4 gxh4 25. Nxh4 Rxa1 26. Rxa1 Qc4 27. Qxc4 dxc4 28. Nd2 Nd6 29. Rh1 h5 30. Ng6 Rg8 31. gxh5 Nxh5 32. Ne7 Rg5 33. Re1 Ng7 34. f4 Rh5 35. d5 exd5 36. Nxd5 Rxd5 37. Re7+ Ka6 38. Rxg7 Nf5 39. Rg1 Ne3+ 40. Kc1 Kb5 41. Nf3 Kc5 42. Nd4 Rh5 43. Re1 Rh3 44. Kd2 Ng4 45. Re6 Rh2+ 46. Re2 Rh3 47. Rg2 Rd3+ 48. Ke2 Ne3 49. Rg3 Nd5 50. Rf3 b5 51. f5 Rxf3 52. Kxf3 b4 53. Ne6+ Kb5 54. cxb4 Kxb4 55. Ke4 Nb6 56. Nf4 Kb3 57. Nd5 Nd7 58. Kd4 Ne5 59. Nxf6 Nf3+ 60. Ke4 Nh4 61. Nd5 Nxf5 62. Kxf5 Kxb2 63. Ne3 c3 64. Nd1+ Kb3 65. Nxc3 Kxc3 1/2-1/2

[Event "Karlsruhe Grenke op"]
[Site "Karlsruhe"]
[Date "2025.04.18"]
[Round "3"]
[White "Balabayeva, Kseniya"]
[Black "Roshka, Yevgeniy"]
[Result "0-1"]
[WhiteElo "2285"]
[BlackElo "2488"]
[PlyCount "126"]
[EventDate "2025.04.17"]
[EventType "swiss"]
[EventRounds "9"]
[EventCountry "GER"]
[SourceTitle "CB17_2025"]
[SourceDate "2025.04.23"]
[SourceVersion "1"]
[SourceVersionDate "2025.04.23"]
[SourceQuality "1"]

1. d4 d5 2. c4 e6 3. Nc3 a6 4. cxd5 exd5 5. Bf4 Nf6 6. e3 Bd6 7. Bxd6 Qxd6 8. Bd3 Bg4 9. Nge2 0-0 10. Qc2 Bxe2 11. Nxe2 Nbd7 12. h3 Rfe8 13. 0-0 c6 14. a4 g6 15. Rfc1 Ne4 16. b4 Rac8 17. Bxe4 dxe4 18. Nc3 Qe6 19. b5 axb5 20. axb5 c5 21. Ne2 c4 22. Ra7 Rc7 23. Nc3 Nb6 24. Qa2 Kg7 25. Qb2 Kh6 26. Qb4 Rec8 27. Ra2 f5 28. Rd2 Rd7 29. Rcd1 Qd6 30. Rb1 Qxb4 31. Rxb4 Ra8 32. Rc2 Ra3 33. Kf1 Rc7 34. Nb1 Ra1 35. Ke2 Nd5 36. Rbb2 c3 37. Rb3 Rc4 38. f3 Rb4 39. Nxc3 Nf4+ 40. exf4 exf3+ 41. gxf3 Rxb3 42. d5 Ra8 43. Kd3 Rb4 44. Re2 Rc8 45. d6 Rb3 46. Rc2 Kg7 47. d7 Rd8 48. Kc4 Ra3 49. Rd2 b6 50. Rd6 Ra7 51. Rxb6 Raxd7 52. Rc6 Rd4+ 53. Kc5 Rxf4 54. b6 Rxf3 55. Kc4 Rb8 56. Nd5 Rxh3 57. Rc7+ Kh6 58. b7 Rh1 59. Kb5 Kg5 60. Nb4 h5 61. Kb6 Rb1 62. Ka7 Rxb7+ 63. Rxb7 h4 0-1

[Event "Almaty zt 3.4 (Women)"]
[Site "Almaty"]
[Date "2025.04.09"]
[Round "9"]
[White "Shohradova, Lala"]
[Black "Balabayeva, Kseniya"]
[Result "1-0"]
[WhiteElo "2144"]
[BlackElo "2285"]
[PlyCount "81"]
[EventDate "2025.04.02"]
[EventType "swiss"]
[EventRounds "9"]
[EventCountry "KAZ"]
[SourceTitle "CB15_2025"]
[SourceDate "2025.04.09"]
[SourceVersion "1"]
[SourceVersionDate "2025.04.09"]
[SourceQuality "1"]

1. d4 d5 2. c4 e6 3. Nc3 Nf6 4. Bg5 Be7 5. e3 c6 6. cxd5 exd5 7. Bd3 h6 8. Bf4 Bd6 9. Bxd6 Qxd6 10. h3 0-0 11. Nf3 Nbd7 12. 0-0 Re8 13. Qc2 b6 14. Nh4 Nf8 15. Rac1 Bd7 16. Nf3 Re7 17. Ne2 Rc8 18. Ne5 Be8 19. Ng3 g6 20. h4 h5 21. f4 Ng4 22. Qd2 Bd7 23. Be2 f6 24. Bxg4 Bxg4 25. Nxg4 hxg4 26. h5 f5 27. hxg6 Qxg6 28. Qd3 Rf7 29. Kf2 Nd7 30. Rh1 Nf6 31. Rh4 Ne4+ 32. Nxe4 fxe4 33. Qa6 g3+ 34. Ke2 Rcc7 35. Rch1 Rg7 36. Kd2 c5 37. Rh8+ Kf7 38. R1h6 Qg4 39. dxc5 Qd7 40. Rd6 Qe7 41. Qe2 1-0

[Event "Almaty zt 3.4 (Women)"]
[Site "Almaty"]
[Date "2025.04.08"]
[Round "8"]
[White "Balabayeva, Kseniya"]
[Black "Kurmangaliyeva, Liya"]
[Result "1/2-1/2"]
[WhiteElo "2285"]
[BlackElo "2249"]
[PlyCount "174"]
[EventDate "2025.04.02"]
[EventType "swiss"]
[EventRounds "9"]
[EventCountry "KAZ"]
[SourceTitle "CB15_2025"]
[SourceDate "2025.04.09"]
[SourceVersion "1"]
[SourceVersionDate "2025.04.09"]
[SourceQuality "1"]

1. d4 f5 2. c4 e6 3. g3 Nf6 4. Bg2 d5 5. Nh3 c6 6. Qc2 Bd6 7. 0-0 0-0 8. Bf4 Be7 9. Nd2 h6 10. Be5 g5 11. Bxf6 Bxf6 12. e3 Na6 13. a3 Nc7 14. f4 g4 15. Nf2 h5 16. c5 h4 17. Rfe1 Kg7 18. Nd3 Bd7 19. Kf2 Rh8 20. Rh1 b5 21. gxh4 Rxh4 22. h3 Qh8 23. hxg4 fxg4 24. Rag1 Kf7 25. Nf1 Ke7 26. Ng3 Qh7 27. Qe2 Rg8 28. Rxh4 Bxh4 29. Rh1 Ne8 30. e4 Kd8 31. exd5 exd5 32. Kg1 Nf6 33. Ne5 Kc8 34. Nxd7 Kxd7 35. Qe5 Qb1+ 36. Nf1 Qe1 37. Qd6+ Ke8 38. Qxc6+ Kf8 39. Qd6+ Kg7 40. Rxh4 Qxh4 41. Bxd5 Re8 42. Be6 Ne4 43. Qe5+ Qf6 44. Qxf6+ Kxf6 45. Bd7 Rf8 46. Ne3 Ke7 47. Bxg4 Kd8 48. f5 Nf6 49. Bf3 Rh8 50. Ng2 a5 51. Kf2 Rh1 52. Nf4 Rb1 53. Nd3 b4 54. a4 b3 55. Bc6 Kc7 56. d5 Rh1 57. Ke3 Rh3+ 58. Kd4 Rh4+ 59. Kc3 Rh3 60. Kc4 Re3 61. Nc1 Re4+ 62. Kb5 Re3 63. d6+ Kd8 64. Kxa5 Rc3 65. Bb5 Rxc1 66. c6 Ne4 67. c7+ Kc8 68. Ba6+ Kd7 69. c8Q+ Rxc8 70. Bxc8+ Kxc8 71. Kb4 Kd7 72. a5 Kxd6 73. Kxb3 Kc6 74. Kb4 Kb7 75. Ka4 Kc6 76. Ka3 Kb5 77. b4 Nf6 78. Kb2 Nd5 79. Kb3 Nxb4 80. f6 Nd3 81. Kc3 Nc5 82. Kd4 Nd7 83. f7 Kxa5 84. Kd5 Kb6 85. Kd6 Nf8 86. Ke7 Nh7 87. f8N Nxf8 1/2-1/2

[Event "Almaty zt 3.4 (Women)"]
[Site "Almaty"]
[Date "2025.04.07"]
[Round "7"]
[White "Nurmanova, Alua"]
[Black "Balabayeva, Kseniya"]
[Result "1-0"]
[WhiteElo "2347"]
[BlackElo "2285"]
[PlyCount "105"]
[EventDate "2025.04.02"]
[EventType "swiss"]
[EventRounds "9"]
[EventCountry "KAZ"]
[SourceTitle "CB15_2025"]
[SourceDate "2025.04.09"]
[SourceVersion "1"]
[SourceVersionDate "2025.04.09"]
[SourceQuality "1"]

1. e4 c6 2. Nf3 d5 3. d3 dxe4 4. dxe4 Qxd1+ 5. Kxd1 Bg4 6. Nbd2 e5 7. h3 Bxf3+ 8. Nxf3 Nd7 9. Bd3 f6 10. c3 Ne7 11. Ke2 Nc8 12. Be3 Bc5 13. Bd2 a5 14. b4 Bb6 15. g4 Nd6 16. a3 c5 17. c4 Ke7 18. Be3 axb4 19. axb4 Rhc8 20. b5 Ba5 21. Nh4 g6 22. Bd2 Bb4 23. Ng2 Bxd2 24. Kxd2 Nb6 25. Ne3 Rd8 26. Kc2 Ne8 27. h4 Ng7 28. h5 g5 29. h6 Ne6 30. Nd5+ Nxd5 31. exd5 Nd4+ 32. Kc3 f5 33. Bxf5 Nxf5 34. gxf5 Rab8 35. Kd3 Kd6 36. Ke4 Rf8 37. Rh5 Rf6 38. Ra7 g4 39. Rh4 Kc7 40. Kxe5 Rbf8 41. Rh5 R6f7 42. d6+ Kb6 43. Ra2 Re8+ 44. Kf4 Re1 45. Rd2 Rd7 46. Rg5 Rc1 47. Rg7 Rxc4+ 48. Ke5 Rd8 49. Rxh7 Rd4 50. Rxd4 cxd4 51. Kxd4 Rxd6+ 52. Ke5 Rd2 53. Rg7 1-0

[Event "Almaty zt 3.4 (Women)"]
[Site "Almaty"]
[Date "2025.04.06"]
[Round "6"]
[White "Balabayeva, Kseniya"]
[Black "Khamdamova, Afruza"]
[Result "1/2-1/2"]
[WhiteElo "2285"]
[BlackElo "2326"]
[PlyCount "51"]
[EventDate "2025.04.02"]
[EventType "swiss"]
[EventRounds "9"]
[EventCountry "KAZ"]
[SourceTitle "CB15_2025"]
[SourceDate "2025.04.09"]
[SourceVersion "1"]
[SourceVersionDate "2025.04.09"]
[SourceQuality "1"]

1. d4 d5 2. c4 e6 3. Nc3 Be7 4. Bf4 Nf6 5. e3 0-0 6. Nf3 b6 7. Rc1 Bb7 8. Bd3 dxc4 9. Bxc4 a6 10. 0-0 b5 11. Bb3 c5 12. dxc5 Nbd7 13. Bc2 Nxc5 14. Qe2 Rc8 15. Rfd1 Qb6 16. Be5 b4 17. Nb1 b3 18. Bxb3 Nxb3 19. axb3 Qxb3 20. Nc3 Rfd8 21. h3 h6 22. Rxd8+ Bxd8 23. Rd1 Be7 24. Bd4 Qc4 25. Qxc4 Rxc4 26. Ne5 1/2-1/2

[Event "Almaty zt 3.4 (Women)"]
[Site "Almaty"]
[Date "2025.04.05"]
[Round "4"]
[White "Balabayeva, Kseniya"]
[Black "Omonova, Umida"]
[Result "1/2-1/2"]
[WhiteElo "2285"]
[BlackElo "2263"]
[PlyCount "93"]
[EventDate "2025.04.02"]
[EventType "swiss"]
[EventRounds "9"]
[EventCountry "KAZ"]
[SourceTitle "CB15_2025"]
[SourceDate "2025.04.09"]
[SourceVersion "1"]
[SourceVersionDate "2025.04.09"]
[SourceQuality "1"]

1. d4 d5 2. c4 e6 3. Nc3 c5 4. cxd5 exd5 5. Nf3 Nf6 6. Bg5 Be6 7. e3 c4 8. Be2 Bb4 9. 0-0 0-0 10. Ne5 Nbd7 11. f4 Bxc3 12. bxc3 Bf5 13. Bf3 Qe8 14. Qe1 Ne4 15. Bh4 f6 16. Nxd7 Qxd7 17. h3 Rfe8 18. g4 Bg6 19. f5 Bf7 20. Rb1 b6 21. Rb2 Re7 22. Bxe4 Rxe4 23. Bg3 Rae8 24. Bf4 g5 25. fxg6 hxg6 26. Rf3 g5 27. Bh2 Qe7 28. Re2 Bg6 29. Qf2 Kg7 30. Qg3 Re6 31. Re1 Qa3 32. h4 gxh4 33. Qxh4 Qxc3 34. Ref1 Rh8 35. Qg3 Be4 36. g5 f5 37. Qc7+ Kg6 38. Be5 Rh7 39. Qd8 Bxf3 40. Qg8+ Kh5 41. Rxf3 Qe1+ 42. Kg2 Qe2+ 43. Rf2 Qg4+ 44. Kf1 Qd1+ 45. Kg2 Qg4+ 46. Kf1 Qd1+ 47. Kg2 1/2-1/2

[Event "Almaty zt 3.4 (Women)"]
[Site "Almaty"]
[Date "2025.04.05"]
[Round "5"]
[White "Sultanbek, Zeinep"]
[Black "Balabayeva, Kseniya"]
[Result "0-1"]
[WhiteElo "2081"]
[BlackElo "2285"]
[PlyCount "82"]
[EventDate "2025.04.02"]
[EventType "swiss"]
[EventRounds "9"]
[EventCountry "KAZ"]
[SourceTitle "CB15_2025"]
[SourceDate "2025.04.09"]
[SourceVersion "1"]
[SourceVersionDate "2025.04.09"]
[SourceQuality "1"]

1. d4 d5 2. c4 e6 3. Nf3 Nf6 4. g3 Be7 5. Bg2 0-0 6. 0-0 dxc4 7. Qc2 c6 8. Qxc4 b5 9. Qc2 Bb7 10. Nc3 a6 11. Rd1 Qc8 12. Bg5 c5 13. Bxf6 Bxf6 14. Ne4 Bxe4 15. Qxe4 Ra7 16. Rac1 Rc7 17. Rxc5 Rxc5 18. dxc5 Qxc5 19. Ne1 Bxb2 20. Nd3 Qc2 21. Nxb2 Qxb2 22. Rd6 Qxa2 23. Qd4 Qa3 24. Bb7 Qc1+ 25. Kg2 Qc7 26. Be4 h6 27. h4 a5 28. h5 b4 29. Bb1 Rc8 30. Qd3 Kf8 31. Rd4 Ke7 32. Qf3 Nd7 33. Qg4 Qe5 34. Re4 Qg5 35. Qf3 Rc3 36. e3 Qd5 37. Ba2 Qxa2 38. Rd4 Qa4 39. Qg4 Qc6+ 40. Kh2 Ne5 41. Qh4+ f6 0-1

[Event "Almaty zt 3.4 (Women)"]
[Site "Almaty"]
[Date "2025.04.04"]
[Round "3"]
[White "Serikbay, Assel"]
[Black "Balabayeva, Kseniya"]
[Result "1/2-1/2"]
[WhiteElo "2235"]
[BlackElo "2285"]
[PlyCount "49"]
[EventDate "2025.04.02"]
[EventType "swiss"]
[EventRounds "9"]
[EventCountry "KAZ"]
[SourceTitle "CB15_2025"]
[SourceDate "2025.04.09"]
[SourceVersion "1"]
[SourceVersionDate "2025.04.09"]
[SourceQuality "1"]

1. d4 d5 2. Nf3 Nf6 3. c4 e6 4. Nc3 c6 5. Bg5 Nbd7 6. e3 h6 7. Bh4 Be7 8. Bd3 0-0 9. 0-0 Ne4 10. Bxe7 Nxc3 11. bxc3 Qxe7 12. cxd5 exd5 13. c4 dxc4 14. Bxc4 Nb6 15. Be2 Bg4 16. h3 Bh5 17. Rc1 Rad8 18. Ne5 Bxe2 19. Qxe2 Rd5 20. Rfd1 c5 21. Rxc5 Rxc5 22. dxc5 Qxe5 23. cxb6 axb6 24. Qf3 Qc7 25. Qd5 1/2-1/2

[Event "Almaty zt 3.4 (Women)"]
[Site "Almaty"]
[Date "2025.04.03"]
[Round "2"]
[White "Balabayeva, Kseniya"]
[Black "Khalilova, Madinabonu"]
[Result "1-0"]
[WhiteElo "2285"]
[BlackElo "2056"]
[PlyCount "81"]
[EventDate "2025.04.02"]
[EventType "swiss"]
[EventRounds "9"]
[EventCountry "KAZ"]
[SourceTitle "CB15_2025"]
[SourceDate "2025.04.09"]
[SourceVersion "1"]
[SourceVersionDate "2025.04.09"]
[SourceQuality "1"]

1. d4 Nf6 2. c4 e6 3. Nc3 Bb4 4. e3 Bxc3+ 5. bxc3 d6 6. Bd3 c5 7. Ne2 Nc6 8. e4 e5 9. d5 Ne7 10. 0-0 Ng6 11. f3 0-0 12. Be3 h6 13. Qd2 Nh7 14. Ng3 Nh4 15. Nf5 Nxf5 16. exf5 Bd7 17. g4 Nf6 18. Bxh6 Kh7 19. Bg5 Rc8 20. Rae1 b5 21. cxb5 c4 22. Be4 Nxe4 23. fxe4 f6 24. Be3 Qa5 25. g5 Rh8 26. Rf3 fxg5 27. Bxg5 Rcf8 28. Qg2 Rf7 29. Ref1 Qxb5 30. Be3 Be8 31. Qg6+ Kg8 32. Qxd6 Qb2 33. Bf2 Qe2 34. Re3 Qxa2 35. Qxe5 Bd7 36. Rg3 Rh5 37. Qb8+ Kh7 38. Qxa7 Qc2 39. Qe3 Re7 40. Qf3 Rh4 41. f6 1-0

[Event "Almaty zt 3.4 (Women)"]
[Site "Almaty"]
[Date "2025.04.02"]
[Round "1"]
[White "Muratova, Anel"]
[Black "Balabayeva, Kseniya"]
[Result "0-1"]
[WhiteElo "1900"]
[BlackElo "2285"]
[PlyCount "160"]
[EventDate "2025.04.02"]
[EventType "swiss"]
[EventRounds "9"]
[EventCountry "KAZ"]
[SourceTitle "CB15_2025"]
[SourceDate "2025.04.09"]
[SourceVersion "1"]
[SourceVersionDate "2025.04.09"]
[SourceQuality "1"]

1. e4 c6 2. Nc3 d5 3. Nf3 Bg4 4. h3 Bxf3 5. Qxf3 e6 6. Be2 Nf6 7. 0-0 Be7 8. e5 Nfd7 9. Qg3 0-0 10. f4 f5 11. exf6 Nxf6 12. d4 c5 13. Be3 Nc6 14. Qf2 Rc8 15. Kh1 cxd4 16. Bxd4 Nxd4 17. Qxd4 Bc5 18. Qe5 Qd6 19. Qg5 Be3 20. Rf3 d4 21. Bd3 Rc5 22. Qh4 Rh5 23. Ne4 Qd5 24. Nxf6+ Rxf6 25. Qg3 Rfh6 26. b3 Kh8 27. Raf1 Rf6 28. Qg4 g6 29. Qg3 Qc6 30. Bc4 Rc5 31. Bd3 b5 32. Qh4 Kg7 33. Qe1 Rh5 34. Qg3 a5 35. Qe1 a4 36. Kh2 Qd6 37. Qg3 Rc5 38. Kh1 Qc6 39. Qg4 axb3 40. axb3 Rxc2 41. Bxc2 Qxc2 42. Qg5 Qxb3 43. Qc5 Qc4 44. Qe7+ Rf7 45. Qd6 Qd5 46. Qb8 Rb7 47. Qc8 Qd7 48. Qc5 Qc7 49. Qb4 Qc4 50. Qd6 Qd5 51. Qb4 Rf7 52. Rd1 Qc4 53. Qd6 h6 54. Qe5+ Kh7 55. Ra1 b4 56. Kh2 Qd5 57. Kh1 Qxe5 58. fxe5 Rb7 59. Rb1 Kg7 60. g3 Bd2 61. Rf6 b3 62. Rxe6 b2 63. Kg2 d3 64. Ra6 Bc1 65. Kf1 d2 66. Ke2 Rb4 67. Ra7+ Kf8 68. Kd1 Re4 69. Rd7 Rxe5 70. Kc2 Re3 71. h4 Rxg3 72. Rd4 h5 73. Rxb2 Bxb2 74. Kxb2 Rg4 75. Rxd2 Rxh4 76. Rd7 Re4 77. Kc2 Re7 78. Rd6 Kf7 79. Kd3 h4 80. Rd4 g5 0-1

[Event "Wch U20 Girls 41st"]
[Site "Petrovac"]
[Date "2025.03.07"]
[Round "11"]
[White "Balabayeva, Kseniya"]
[Black "Pipiras, Filipa Fortuna"]
[Result "1-0"]
[WhiteElo "2264"]
[BlackElo "2200"]
[PlyCount "107"]
[EventDate "2025.02.25"]
[EventType "swiss"]
[EventRounds "11"]
[EventCountry "MNE"]
[SourceTitle "CB11_2025"]
[SourceDate "2025.03.12"]
[SourceVersion "1"]
[SourceVersionDate "2025.03.12"]
[SourceQuality "1"]

1. d4 Nf6 2. Nf3 d5 3. Bf4 c5 4. e3 e6 5. Nbd2 Qb6 6. Rb1 Bd6 7. Bg3 0-0 8. c3 Nbd7 9. Ne5 Qc7 10. f4 c4 11. Bh4 b5 12. g4 Rb8 13. a3 a5 14. Be2 b4 15. axb4 axb4 16. 0-0 Ra8 17. Bg3 Bb7 18. h4 Nb6 19. h5 bxc3 20. bxc3 Ra3 21. g5 Nfd7 22. Rc1 Na4 23. Nb1 Ra2 24. Bg4 Re8 25. Bh3 f5 26. gxf6 Nxf6 27. Bh4 Ne4 28. Qg4 Kh8 29. Kh1 Bc8 30. Rg1 Rf8 31. Rcf1 Naxc3 32. Nxc3 Nxc3 33. Ng6+ hxg6 34. hxg6 Rf5 35. Be1 Be7 36. Qf3 Kg8 37. Bxc3 Qd8 38. Bxf5 exf5 39. Qh5 Be6 40. Rb1 Ra3 41. Bb4 Rb3 42. Bxe7 Qxe7 43. Rxb3 cxb3 44. Rb1 Qb4 45. Qd1 Qe7 46. Rxb3 Qh4+ 47. Kg2 Kf8 48. Qf3 Ke7 49. Qg3 Qh8 50. Qg5+ Kd6 51. Rb6+ Kd7 52. Rb7+ Kc6 53. Qe7 Qc8 54. Rb2 1-0

[Event "Wch U20 Girls 41st"]
[Site "Petrovac"]
[Date "2025.03.06"]
[Round "10"]
[White "Gasparyan, Milena"]
[Black "Balabayeva, Kseniya"]
[Result "1/2-1/2"]
[WhiteElo "1986"]
[BlackElo "2264"]
[PlyCount "122"]
[EventDate "2025.02.25"]
[EventType "swiss"]
[EventRounds "11"]
[EventCountry "MNE"]
[SourceTitle "CB11_2025"]
[SourceDate "2025.03.12"]
[SourceVersion "1"]
[SourceVersionDate "2025.03.12"]
[SourceQuality "1"]

1. e4 c6 2. d4 d5 3. Nc3 dxe4 4. Nxe4 Nf6 5. Nxf6+ exf6 6. c3 Bd6 7. Bd3 0-0 8. Qc2 Re8+ 9. Ne2 h5 10. 0-0 h4 11. Bf4 Qc7 12. Rfe1 Be6 13. Qd2 Nd7 14. h3 Rad8 15. c4 Nf8 16. Rad1 Bc8 17. Bxd6 Qxd6 18. d5 cxd5 19. cxd5 a6 20. Nc3 Rxe1+ 21. Qxe1 Qb4 22. Qe2 Bd7 23. a3 Qf4 24. Qe4 Qg5 25. Qe3 Qxe3 26. fxe3 f5 27. Rf1 Re8 28. Bxf5 Rxe3 29. Bxd7 Nxd7 30. Rf4 Rd3 31. Rxh4 Nf6 32. Rb4 b5 33. a4 Nxd5 34. Nxd5 Rxd5 35. axb5 axb5 36. Re4 f5 37. Re2 g6 38. Kf2 Rd3 39. Re3 Rd4 40. Ke2 Kf7 41. Rd3 Rb4 42. b3 g5 43. Kd2 Ke6 44. Re3+ Kf6 45. Kc3 Rf4 46. Re2 Rh4 47. Kd3 g4 48. hxg4 Rxg4 49. Kc3 b4+ 50. Kd3 Kg5 51. Rf2 Re4 52. Rc2 Rf4 53. Ke3 Kg4 54. Rc4 Rxc4 55. bxc4 f4+ 56. Kd2 Kg3 57. c5 Kxg2 58. c6 f3 59. c7 f2 60. c8Q f1Q 61. Qg4+ Kh2 1/2-1/2

[Event "Wch U20 Girls 41st"]
[Site "Petrovac"]
[Date "2025.03.05"]
[Round "9"]
[White "Kairbekova, Amina"]
[Black "Balabayeva, Kseniya"]
[Result "1/2-1/2"]
[WhiteElo "2336"]
[BlackElo "2264"]
[PlyCount "72"]
[EventDate "2025.02.25"]
[EventType "swiss"]
[EventRounds "11"]
[EventCountry "MNE"]
[SourceTitle "CB11_2025"]
[SourceDate "2025.03.12"]
[SourceVersion "1"]
[SourceVersionDate "2025.03.12"]
[SourceQuality "1"]

1. e4 c6 2. d4 d5 3. e5 Bf5 4. Nf3 e6 5. Be2 c5 6. Be3 cxd4 7. Nxd4 Ne7 8. Bb5+ Nbc6 9. 0-0 a6 10. Bxc6+ Nxc6 11. Nxf5 exf5 12. c3 Be7 13. Nd2 Qd7 14. Nf3 Qe6 15. Re1 0-0 16. Qb3 Rfd8 17. Rad1 Rd7 18. Bb6 Rc8 19. h4 h6 20. h5 g5 21. hxg6 fxg6 22. Rd2 g5 23. Red1 g4 24. Ne1 Nxe5 25. Rxd5 Rxd5 26. Qxd5 Qxd5 27. Rxd5 Nc4 28. Bd4 Nxb2 29. Rd7 Re8 30. Rxb7 Bd6 31. Kf1 Nc4 32. Nd3 Nd2+ 33. Kg1 Nc4 34. Kf1 Nd2+ 35. Kg1 Nc4 36. Kf1 Nd2+ 1/2-1/2

[Event "Wch U20 Girls 41st"]
[Site "Petrovac"]
[Date "2025.03.04"]
[Round "8"]
[White "Balabayeva, Kseniya"]
[Black "Tarasenka, Aliaksandra"]
[Result "1-0"]
[WhiteElo "2264"]
[BlackElo "2139"]
[PlyCount "83"]
[EventDate "2025.02.25"]
[EventType "swiss"]
[EventRounds "11"]
[EventCountry "MNE"]
[SourceTitle "CB11_2025"]
[SourceDate "2025.03.12"]
[SourceVersion "1"]
[SourceVersionDate "2025.03.12"]
[SourceQuality "1"]

1. d4 Nf6 2. Bf4 b6 3. e3 Bb7 4. c4 g6 5. Nc3 Bg7 6. h4 e6 7. Nf3 d6 8. Be2 Nbd7 9. Qc2 a6 10. e4 Nh5 11. Bg5 Bf6 12. Qd2 Bxg5 13. hxg5 e5 14. g3 Qe7 15. 0-0-0 0-0-0 16. Nd5 Qe8 17. Rhe1 Ng7 18. Qc3 exd4 19. Nxd4 Ne6 20. Bg4 Kb8 21. f4 c6 22. Qa3 Nec5 23. Nb4 Kc7 24. Nbc2 a5 25. Bf3 Qe7 26. b4 axb4 27. Nxb4 Ra8 28. Qb2 Ne5 29. fxe5 dxe5 30. Ndc2 Ra4 31. Qc3 Rha8 32. Kb1 Qxg5 33. Qd2 Qe7 34. Bg4 h5 35. Bh3 Bc8 36. Bxc8 Rxc8 37. Qc3 f6 38. Rd2 Ne6 39. a3 Qc5 40. Red1 b5 41. Rd7+ Kb6 42. R1d6 1-0

[Event "Wch U20 Girls 41st"]
[Site "Petrovac"]
[Date "2025.03.03"]
[Round "7"]
[White "Lu, Miaoyi"]
[Black "Balabayeva, Kseniya"]
[Result "1-0"]
[WhiteElo "2432"]
[BlackElo "2264"]
[PlyCount "89"]
[EventDate "2025.02.25"]
[EventType "swiss"]
[EventRounds "11"]
[EventCountry "MNE"]
[SourceTitle "CB11_2025"]
[SourceDate "2025.03.12"]
[SourceVersion "1"]
[SourceVersionDate "2025.03.12"]
[SourceQuality "1"]

1. e4 c6 2. d4 d5 3. Nc3 dxe4 4. Nxe4 Nf6 5. Nxf6+ exf6 6. Be3 Bf5 7. Ne2 Bd6 8. c4 0-0 9. Nc3 Re8 10. Qf3 Bg6 11. c5 Bc7 12. 0-0-0 Ba5 13. Bf4 Bxc3 14. Qxc3 Qd5 15. h4 b5 16. cxb6 axb6 17. Bc4 Qf5 18. Be3 b5 19. h5 bxc4 20. hxg6 Qxg6 21. Qxc4 Qg4 22. g3 Qxg3 23. Rdg1 Qe5 24. Qc2 Qd5 25. a3 g6 26. Rh2 Nd7 27. Rh3 Reb8 28. Rgh1 Nf8 29. Bh6 Ne6 30. Be3 h5 31. f4 f5 32. Rd1 Rb3 33. Rd3 Rab8 34. Rxb3 Rxb3 35. Qh2 Qe4 36. Bf2 Rxh3 37. Qxh3 Nxf4 38. Qh4 Nd3+ 39. Kd2 f4 40. Qd8+ Kh7 41. Bh4 Nxb2 42. Bf6 g5 43. Qh8+ Kg6 44. Qg7+ Kf5 45. Qh7+ 1-0